<?xml version="1.0" encoding="UTF-8"?>
<collection xmlns="http://www.loc.gov/MARC21/slim">
 <record>
  <leader>01092pamaa2200205   4500</leader>
  <controlfield tag="001">0000046544</controlfield>
  <controlfield tag="005">20121206090000.0</controlfield>
  <controlfield tag="008">100119                             eng  </controlfield>
  <datafield tag="020" ind1="0" ind2="0">
   <subfield code="a">9780195369090 </subfield>
  </datafield>
  <datafield tag="090" ind1="0" ind2="0">
   <subfield code="a">QC174.12 </subfield>
   <subfield code="b">JON 2008</subfield>
  </datafield>
  <datafield tag="100" ind1="1" ind2="0">
   <subfield code="a">Jones </subfield>
  </datafield>
  <datafield tag="245" ind1="1" ind2="4">
   <subfield code="a">The quantum ten : </subfield>
   <subfield code="b">a story of passion, tragedy, ambition and science  </subfield>
   <subfield code="c">Sheilla Jones.</subfield>
  </datafield>
  <datafield tag="260" ind1="0" ind2="0">
   <subfield code="a">Oxford ; New York: </subfield>
   <subfield code="b">Oxford University Press, </subfield>
   <subfield code="c">2008.</subfield>
  </datafield>
  <datafield tag="300" ind1=" " ind2=" ">
   <subfield code="a">323 p., [8] p. of plates: </subfield>
   <subfield code="b">ill.; </subfield>
   <subfield code="c">24 cm.</subfield>
  </datafield>
  <datafield tag="501" ind1="0" ind2="0">
   <subfield code="a">FAS</subfield>
  </datafield>
  <datafield tag="504" ind1="0" ind2="0">
   <subfield code="a">Includes bibliographical references (p. 312-316) and index</subfield>
  </datafield>
  <datafield tag="505" ind1="0" ind2="0">
   <subfield code="a">The regression of science -- The quantum showdown -- The birth of the quantum -- A place to belong -- Building a foundation -- The cost of compromise -- Taking a new path -- Only what the eye can see -- The emergence of the boys' club -- The G?ttingen gospel -- A meeting of minds -- Shock waves -- Drawing the battle lines -- Dark night of the scientific soul -- Solvay prelude -- Coming undone -- Picking up the pieces -- Quantum confusion</subfield>
  </datafield>
  <datafield tag="650" ind1="0" ind2="0">
   <subfield code="a">Physics </subfield>
  </datafield>
  <datafield tag="650" ind1="0" ind2="0">
   <subfield code="a">Quantum theory </subfield>
  </datafield>
  <datafield tag="901" ind1=" " ind2=" ">
   <subfield code="u">www.oup.com</subfield>
  </datafield>
 </record>
</collection>
